The seven husbands of Evelyn Hugo: a novel (Record no. 9507)

MARC details
000 -LEADER
fixed length control field 00404nam a22001457a 4500
008 - FIXED-LENGTH DATA ELEMENTS--GENERAL INFORMATION
fixed length control field 230406b |||||||| |||| 00| 0 eng d
020 ## - INTERNATIONAL STANDARD BOOK NUMBER
International Standard Book Number 978-1-5011-6193-3
082 ## - DEWEY DECIMAL CLASSIFICATION NUMBER
Classification number 813.54
100 ## - MAIN ENTRY--PERSONAL NAME
Personal name Taylor Jenkins Reid
245 ## - TITLE STATEMENT
Title The seven husbands of Evelyn Hugo: a novel
260 ## - PUBLICATION, DISTRIBUTION, ETC.
Name of publisher, distributor, etc. Washington Square Press,
Date of publication, distribution, etc. 2018
300 ## - PHYSICAL DESCRIPTION
Extent 389 p.
Dimensions 21 cm
942 ## - Added entry Elements (Koha)
Source of classification or shelving scheme Dewey Decimal Classification
Holdings
Withdrawn status Lost status Source of classification or shelving scheme Damaged status Not for loan Collection code Home library Current library Shelving location Date acquired Serial Enumeration / chronology Total Checkouts Total Renewals Full call number Barcode Date last seen Date last checked out Price effective from Koha item type
    Dewey Decimal Classification     Fiction RTC Library GELEPHU Fiction 06/04/2023 177327 5 5 FIC 813.54 REI 30018501 17/11/2024 30/09/2024 06/04/2023 Fiction
    Dewey Decimal Classification     Fiction RTC Library RTC Library Fiction 01/08/2023 177709 7 2 FIC 813.54 REI 30019063 21/04/2026 16/03/2026 01/08/2023 Fiction
Royal Thimphu College || All Right Reserved